Riešia sociálne podniky nezamestnanosť v menej rozvinutých okresoch a na Slovensku?

Rozbor zamestnanosti v registrovaných sociálnych podnikoch v súvislosti s regionálnou nezamestnanosťou a identifikovanie potenciálnych oblastí zlepšenia, ktoré by mohli prispieť k efektívnejšej podpore týchto podnikateľských subjektov a k znižovaniu nezamestnanosti v menej rozvinutých regiónoch Slov...

Descrizione completa

Salvato in:
Dettagli Bibliografici
Autore principale: Lelovics, Andrea, 1974-
Natura: Capitolo di libro
Lingua:slovacco
Soggetti:
Tags: Aggiungi Tag
Nessun Tag, puoi essere il primo ad aggiungerne!!

MARC

LEADER 00000naa$a2200000$$$4500
001 0314089
005 20260116103831.5
041 0 |a slo 
044 |a SK 
245 1 0 |a Riešia sociálne podniky nezamestnanosť v menej rozvinutých okresoch a na Slovensku?  |c Andrea Lelovics 
520 |a Rozbor zamestnanosti v registrovaných sociálnych podnikoch v súvislosti s regionálnou nezamestnanosťou a identifikovanie potenciálnych oblastí zlepšenia, ktoré by mohli prispieť k efektívnejšej podpore týchto podnikateľských subjektov a k znižovaniu nezamestnanosti v menej rozvinutých regiónoch Slovenska. 
610 2 0 |a ekonomika sociálna 
610 2 0 |a podnik sociálny 
610 2 0 |a integrácia 
610 2 0 |a zamestnanosť 
610 2 0 |a Slovensko 
610 2 0 |a rozdiely regionálne 
610 2 0 |a regióny 
100 1 |a Lelovics, Andrea, 1974-